000 00326nam a2200145Ia 4500
008 230312s9999||||xx |||||||||||||| ||und||
020 _a470-46206-5
082 _a615.9
_bMOD
245 0 _aModern Toxicology
260 _bWiley
_aIndia
_c2010
300 _a648
546 _aEng.
650 _aMedical
_vToxicology
942 _cBK
999 _c6533
_d6533